Personnalités noires de A à Z - Statistiques

Statistiques générales
  • Ce quiz a été pris 91 fois
  • Le résultat moyen est 11 sur 26
Statistiques - réponses
Lettre Questions Réponse % Correct
B Seul président afro américain des États Unis Barack Obama
98%
O Acteur principal de la série Lupin sur Netflix Omar Sy
79%
L Pilote automobile britannique, 7 fois champion du monde de Formule 1 Lewis Hamilton
71%
R Chanteuse et femme d’affaires provenant de la Barbade Rihanna
71%
S Joueuse de tennis américain le qui débuta sa carrière avec sa sœur Séréna Williams
68%
T Basketteur français et ex mari de Eva Longoria Tony Parker
67%
G Citoyen américain mort par un policier en 2020 qui engendras le début du mouvement «Black Lives Matter» George Floyd
61%
W Le Prince de Bel-Air Will Smith
60%
F Acteur jouant le rôle de Régis dans « Case départ » au coté de Thomas N’Gijol Fabrice Eboué
57%
Y Seul joueur français à gagner un tournoi de Grand Chelem dans l’ère Open en simple messieurs Yannick Noah
57%
K Vice-présidente des États Unis Kamala Harris
49%
U Chanteur américain qui s’est produit au Superbowl de 2024 Usher
49%
Z Actrice qui débuta sa carrière dans la série Shake It Up Zendaya
48%
J Premiere femme noire a entrée au Panthéon Joséphine Baker
43%
N Mannequin internationale qui fut lié à Charles Taylor et Jeffrey Epstein Naomi Campbell
39%
C Boxeur français d’origine camerounaise Cédric Doumbe
38%
P Ancien président de l’Olympique de Marseille Pape Diouf
35%
A Militante française et sœur aînée d’Adama Traoré Assa Traoré
34%
E Miss France 2024 Eve Gilles
32%
M Duchesse de Sussex Meghan Markle
32%
Q Producteur connue pour son travail dans l’album Thriller de Michael Jackson et « We are The World » en soutient à la famine en Ethiopie Quincy Jones
26%
X Présentateur de l’émission Pimp My Ride sur MTV Xzibit
13%
I Mannequin et actrice - veuve de David Bowie Iman
7%
H Militante contre l’esclavage qui a réussit à s’enfuir et aidait de nombreux esclaves à s’évader Harriet Tubman
6%
D Prix Nobel de La Paix 2018 Denis Mukwege
2%
V Première Miss America afro américaine Vanessa Williams
2%
Aucun quiz correspondant
Distribution des résultats
% des personnes avec chaque résultat
Percentile par nombre de réponses
Votre historique - résultats
Vous n’avez pas pris ce quiz